| 000 | 01125nam a2200277Ia 4500 | ||
|---|---|---|---|
| 003 | OSt | ||
| 005 | 20221005104617.0 | ||
| 006 | a|||||r|||| 00| 0 | ||
| 007 | ta | ||
| 008 | 221004b |||||||| |||| 00| 0 hin d | ||
| 020 |
_a8171198430 (hbk) _c125 |
||
| 024 | _a96690 | ||
| 037 |
_b577, 23/03/2009, Vani Prakashan _cTextual |
||
| 040 |
_aCRL _cCRL _bhin |
||
| 041 |
_2hin _ahin |
||
| 082 | _a4, 152P3 | ||
| 100 |
_aजोगलेकर, काशीनाथ गोविन्दराव _9623809 |
||
| 245 | 0 | _aसंवाद समिति की पत्रकारिता | |
| 246 | _aSanvād samiti kī patrakāritā | ||
| 260 |
_aदिल्ली _bराधाकृष्ण भारत _c2003 |
||
| 300 |
_a91पृ0 _ccm. |
||
| 650 | _aहिन्दी पत्रकारिता | ||
| 700 | _a जोशी, रामशरण, संपा. | ||
| 942 |
_h4, 152P3 _cTEXL _2cc |
||
| 999 |
_c1013239 _d1013239 |
||